| 000 | 00800nam a2200205 a 4500 | ||
|---|---|---|---|
| 001 | 000016645 | ||
| 005 | 20200929164936.0 | ||
| 008 | 100308s1986 dr ac r 000 0 spa d | ||
| 040 |
_aDO-SdBNP _bspa _cBNPHU |
||
| 082 |
_a641.3 _bS471a |
||
| 111 | 2 |
_aSeminario La Seguridad Alimentaria su Planificación y Concertación _d(1985 : _cSanto Domingo) _936986 |
|
| 245 | 1 | 3 | _aPonencias y opiniones. |
| 260 |
_aSanto Domingo : _bONAPLAN _bFAO, _c1986. |
||
| 300 |
_a261 p. : _bretrs. ; _c21 cm. |
||
| 500 | _aIncluye referencias bibliográficas y notas al pie de las páginas | ||
| 590 | _aInventariado, 2018/BT | ||
| 710 | 1 |
_aRepública Dominicana. _bOficina Nacional de Planificación . _99293 |
|
| 710 | 2 |
_aOrganización de Agricultura y Alimentación _936987 |
|
| 910 | _aValidado. Control de calidad. MFF | ||
| 999 |
_c16178 _d16178 |
||